<?xml version="1.0" encoding="UTF-8"?>
<record
    xmlns:xsi="http://www.w3.org/2001/XMLSchema-instance"
    xsi:schemaLocation="http://www.loc.gov/MARC21/slim http://www.loc.gov/standards/marcxml/schema/MARC21slim.xsd"
    xmlns="http://www.loc.gov/MARC21/slim">

  <leader>04404nam a2200301 i 4500</leader>
  <controlfield tag="003">DO-SdBNP</controlfield>
  <controlfield tag="005">20230925091622.0</controlfield>
  <controlfield tag="006">a||||gr|||| 00| 0 </controlfield>
  <controlfield tag="007">ta</controlfield>
  <controlfield tag="008">230913e1964    dr  c||| |||| 00| e spa d</controlfield>
  <datafield tag="040" ind1=" " ind2=" ">
    <subfield code="a">DO-SdBNP</subfield>
    <subfield code="b">spa</subfield>
    <subfield code="c">BNPHU</subfield>
    <subfield code="e">rda</subfield>
  </datafield>
  <datafield tag="082" ind1=" " ind2="4">
    <subfield code="2">22</subfield>
    <subfield code="b">P592h, 1964</subfield>
  </datafield>
  <datafield tag="100" ind1="1" ind2=" ">
    <subfield code="a">Pichardo, Bernardo,</subfield>
    <subfield code="d">1877-1924</subfield>
    <subfield code="9">26162</subfield>
    <subfield code="e">autor</subfield>
  </datafield>
  <datafield tag="245" ind1="1" ind2="0">
    <subfield code="a">Resumen de historia patria. /</subfield>
    <subfield code="c">Bernardo Pichardo.</subfield>
  </datafield>
  <datafield tag="246" ind1="1" ind2="3">
    <subfield code="a">Historia Patria</subfield>
  </datafield>
  <datafield tag="250" ind1=" " ind2=" ">
    <subfield code="a">4a. edici&#xF3;n</subfield>
  </datafield>
  <datafield tag="264" ind1=" " ind2="1">
    <subfield code="a">Santo Domingo :</subfield>
    <subfield code="b">Librer&#xED;a Dominicana,</subfield>
    <subfield code="c">1964</subfield>
  </datafield>
  <datafield tag="300" ind1=" " ind2=" ">
    <subfield code="a">385, [3] p&#xE1;ginas ;</subfield>
    <subfield code="c">19 cm.</subfield>
  </datafield>
  <datafield tag="336" ind1=" " ind2=" ">
    <subfield code="2">rdacontent</subfield>
    <subfield code="a">texto</subfield>
    <subfield code="b">txt</subfield>
  </datafield>
  <datafield tag="337" ind1=" " ind2=" ">
    <subfield code="2">rdamedia</subfield>
    <subfield code="a">sin mediaci&#xF3;n</subfield>
    <subfield code="b">n</subfield>
  </datafield>
  <datafield tag="338" ind1=" " ind2=" ">
    <subfield code="2">rdacarrier</subfield>
    <subfield code="a">volumen</subfield>
    <subfield code="b">nc</subfield>
  </datafield>
  <datafield tag="490" ind1=" " ind2=" ">
    <subfield code="a">Pensamiento Dominicano ;</subfield>
    <subfield code="v">31</subfield>
  </datafield>
  <datafield tag="500" ind1=" " ind2=" ">
    <subfield code="a">Incluye bibliograf&#xED;a y notas al pie de p&#xE1;ginas.</subfield>
  </datafield>
  <datafield tag="500" ind1=" " ind2=" ">
    <subfield code="a">Incluye datos biogr&#xE1;ficos del autor en la p&#xE1;gina [8] </subfield>
  </datafield>
  <datafield tag="505" ind1="0" ind2=" ">
    <subfield code="a">Bernardo Pichardo, Noticia Biogr&#xE1;fica.-- Advertencia.</subfield>
    <subfield code="g">Resumen de la Historia de Santo Domingo.</subfield>
    <subfield code="t">Cap&#xED;tulo I.- Descubrimiento de Am&#xE9;rica por Crist&#xF3;bal Col&#xF3;n.-- Cap&#xED;tulo II.- El primer viaje de Col&#xF3;n.-- Cap&#xED;tulo II.- El primer viaje de Col&#xF3;n.--
Cap&#xED;tulo III.- Descubrimiento de nuestra Isla.-- Cap&#xED;tulo IV.-  Estado de la Isla en los d&#xED;as de su descubrimiento y costumbres de sus habitantes.-- Cap&#xED;tulo V.- Conquista.-- Cap&#xED;tulo VI. Viaje de Col&#xF3;n al interior.--  Cap&#xED;tulo VII.- Alonso de Ojeda y Caonabo.--  Cap&#xED;tulo VIII.- Regreso del Almirante a Espa&#xF1;a.--</subfield>
    <subfield code="t">Cap&#xED;tulo IX.- El primer almirante vuelve de Europa.-- Cap&#xED;tulo X.- Cuarto y &#xFA;ltimo viaje del Almirante.-- Cap&#xED;tulo  XI. Estado de la Colonia.-- Cap&#xED;tulo XII.- Gobierno de D. Diego Col&#xF3;n.-- Cap&#xED;tulo XIII.- Sucesos importantes..-- Cap&#xED;tulo XIV.- Estado de la Isla en 1534.-- Cap&#xED;tulo XV.- Invasi&#xF3;n Inglesa.-- Cap&#xED;tulo XVI.- Decadencia de la Colonia y sucesos m&#xE1;s importantes de esa &#xE9;poca.-- Cap&#xED;tulo XVII. Se acent&#xFA;a la divisi&#xF3;n de la Isla en dos Colonias.--  Cap&#xED;tulo XVIII.- Per&#xED;odo de las invasiones francesas.-- Cap&#xED;tulo XIX.- Consecuencias del tratado de Ryswick.-- </subfield>
    <subfield code="t">Cap&#xED;tulo XX.- Contin&#xFA;a la prosperidad de la Colonia. Cap&#xED;tulo XXI.- Acontecimientos que anteceden a la desaparici&#xF3;n de la Colonia espa&#xF1;ola.-- Cap&#xED;tulo XXII.- Per&#xED;odo colonial franc&#xE9;s e invasi&#xF3;n de Toussaint.-- Cap&#xED;tulo XXIII.- Continuaci&#xF3;n del per&#xED;odo colonial franc&#xE9;s.-- Cap&#xED;tulo  XIV.- Gestiones del Gobernador Ferrand.-- Cap&#xED;tulo XXV.- Per&#xED;odo de la Espa&#xF1;a Boba.-- Cap&#xED;tulo XXVI.- Proclamaci&#xF3;n de la Independencia por D. Jos&#xE9; N&#xFA;&#xF1;ez de C&#xE1;ceres.-- Cap&#xED;tulo XXVII.-- Ocupaci&#xF3;n Haitiana.-- Cap&#xED;tulo XVIII.-  &#xDA;ltimos d&#xED;as de la ocupaci&#xF3;n haitiana.--</subfield>
    <subfield code="t">Cap&#xED;tulo XXIX.- Per&#xED;odo de la Independencia.-- Cap&#xED;tulo XXX.- Continuaci&#xF3;n del per&#xED;odo de la Independencia.-- Cap&#xED;tulo XXXI.- Continuaci&#xF3;n del Gobierno del General Santana.-- Cap&#xED;tulo XXXII.- Nuevos acontecimientos.-- Cap&#xED;tulo XXXIII.- Nuevos rumbos.-- Cap&#xED;tulo XXXIV.- Nueva invasi&#xF3;n haitiana.--  Cap&#xED;tulo XXXV.- Resoluci&#xF3;n del 7 de julio.-- Cap&#xED;tulo XXXVI.- Hacia la esclavitud.-- Cap&#xED;tulo XXXVII.- Per&#xED;odo de la anexi&#xF3;n.-- </subfield>
    <subfield code="t">Cap&#xED;tulo XXXVIII.- Restauraci&#xF3;n.-- Cap&#xED;tulo XXXIX.-  Gobierno provisional restaurador.-- Cap&#xED;tulo XL.- Recrudecimiento de la guerra.-- Cap&#xED;tulo XLI.- &#xDA;ltimos tiempos de la campa&#xF1;a restauradora.-- Cap&#xED;tulo XLII.- Segunda Rep&#xFA;blica.-- Cap&#xED;tulo XLIII.- Luchas partidaristas.-- Cap&#xED;tulo XLIV.- Per&#xED;odo de los Seis. A&#xF1;os.-- Cap&#xED;tulo XLV.- Revoluci&#xF3;n unionista. Rojos y azules.--  Cap&#xED;tulo XLVI.- Gobierno de Espaillat.-- Cap&#xED;tulo XLVII.- Nuevos gobiernos constitucionales e interinos.--
Cap&#xED;tulo XLVIII.- Gobiernos azules.-- Cap&#xED;tulo XLIX.- Sucesivos per&#xED;odos Presidenciales del Gral. Heureaux.-- </subfield>
    <subfield code="t">Cap&#xED;tulo L.-  Gobierno del General  Figuereo.-- Cap&#xED;tulo LI.- D&#xED;as de libertad.--  Cap&#xED;tulo LII.- Bolos y Col&#xFA;os.-- Cap&#xED;tulo LIII.- Resultados de la Revoluci&#xF3;n.-- Cap&#xED;tulo LIV.- Gobierno constitucional del Presidente Morales.-- Cap&#xED;tulo LV.- Segunda administraci&#xF3;n del General C&#xE1;ceres.-- LVI.-- Gobierno del General Bordas Vald&#xE9;s.-- Cap&#xED;tulo LVII.-- Gobierno interino del Doctor B&#xE1;ez.-- Cap&#xED;tulo LVIII.- Gobierno de D. Juan Isidro Jim&#xE9;nez.-- Cap&#xED;tulo LIX.- Ejercicio del Consejo de Secretarios de Estado.-- Cap&#xED;tulo LX.- Gobierno del Doctor Francisco Henr&#xED;quez y Carvajal.</subfield>
    <subfield code="t">Ap&#xE9;ndice.-- S&#xED;ntesis Cronol&#xF3;gica, 1916-1962.</subfield>
  </datafield>
  <datafield tag="590" ind1=" " ind2=" ">
    <subfield code="a">Inventariado 2023 / MF</subfield>
  </datafield>
  <datafield tag="942" ind1=" " ind2=" ">
    <subfield code="2">ddc</subfield>
    <subfield code="c">LBS1</subfield>
  </datafield>
  <datafield tag="952" ind1=" " ind2=" ">
    <subfield code="0">0</subfield>
    <subfield code="1">0</subfield>
    <subfield code="2">ddc</subfield>
    <subfield code="5">1</subfield>
    <subfield code="7">0</subfield>
    <subfield code="8">PD-RV</subfield>
    <subfield code="a">BNPHU</subfield>
    <subfield code="b">BNPHU</subfield>
    <subfield code="c">CT</subfield>
    <subfield code="d">2011-06-14</subfield>
    <subfield code="e">Perteneci&#xF3; a la biblioteca personal de Germ&#xE1;n Emilio Ornes.</subfield>
    <subfield code="l">0</subfield>
    <subfield code="o">P592r, 1964</subfield>
    <subfield code="p">31215-10</subfield>
    <subfield code="r">2020-06-25</subfield>
    <subfield code="w">2020-06-25</subfield>
    <subfield code="y">LBS1</subfield>
    <subfield code="Z">No se presta</subfield>
  </datafield>
  <datafield tag="952" ind1=" " ind2=" ">
    <subfield code="0">0</subfield>
    <subfield code="1">0</subfield>
    <subfield code="2">ddc</subfield>
    <subfield code="5">1</subfield>
    <subfield code="7">0</subfield>
    <subfield code="8">PD-RV</subfield>
    <subfield code="a">BNPHU</subfield>
    <subfield code="b">BNPHU</subfield>
    <subfield code="c">HD</subfield>
    <subfield code="d">2011-06-15</subfield>
    <subfield code="e">Perteneci&#xF3; a la biblioteca personal de Mart&#xED;nez Boog.</subfield>
    <subfield code="l">0</subfield>
    <subfield code="o"> P592r, 1964</subfield>
    <subfield code="p">31215-20</subfield>
    <subfield code="r">2020-06-25</subfield>
    <subfield code="t">e. 2</subfield>
    <subfield code="w">2020-06-25</subfield>
    <subfield code="y">LBS1</subfield>
    <subfield code="Z">No se presta</subfield>
  </datafield>
  <datafield tag="952" ind1=" " ind2=" ">
    <subfield code="0">0</subfield>
    <subfield code="1">0</subfield>
    <subfield code="2">ddc</subfield>
    <subfield code="5">1</subfield>
    <subfield code="7">0</subfield>
    <subfield code="8">PD</subfield>
    <subfield code="a">BNPHU</subfield>
    <subfield code="b">BNPHU</subfield>
    <subfield code="c">CT</subfield>
    <subfield code="d">2020-03-05</subfield>
    <subfield code="e">Donado por Lourdes Delgado</subfield>
    <subfield code="l">0</subfield>
    <subfield code="o">P592h, 1964</subfield>
    <subfield code="p">2023-5824</subfield>
    <subfield code="r">2023-09-13</subfield>
    <subfield code="w">2023-09-13</subfield>
    <subfield code="y">LBS1</subfield>
  </datafield>
  <datafield tag="999" ind1=" " ind2=" ">
    <subfield code="c">54725</subfield>
    <subfield code="d">54725</subfield>
  </datafield>
</record>
